[Event "Pardubice Czech op-E 34th"]
[Site "Pardubice"]
[Date "2023.07.14"]
[Round "2"]
[White "Frank, Adam"]
[Black "Pirklova, Hana"]
[Result "1-0"]
[WhiteElo "2335"]
[BlackElo "2085"]
[PlyCount "71"]
[EventDate "2023.07.13"]
[EventType "team-swiss"]
[EventRounds "7"]
[EventCountry "CZE"]
[SourceTitle "CBM 215 Extra"]
[Source "ChessBase"]
[SourceDate "2023.09.30"]
[SourceVersion "1"]
[SourceVersionDate "2023.09.30"]
[SourceQuality "1"]
[WhiteTeam "Frydek Mistek"]
[BlackTeam "Praha Oaza II"]
[WhiteTeamCountry "CZE"]
[BlackTeamCountry "CZE"]

1. e4 e5 2. Nf3 Nc6 3. Bb5 a6 4. Ba4 Nf6 5. 0-0 Be7 6. d3 b5 7. Bb3 0-0 8. c3 d6 9. a4 Bb7 10. Bg5 h6 11. Bxf6 Bxf6 12. Na3 b4 13. Nc4 bxc3 14. bxc3 Ne7 15. Re1 c5 16. a5 Rb8 17. Qc2 g5 18. Ne3 h5 19. h3 Bc8 20. Bc4 Ng6 21. Nd5 Nf4 22. Nxf4 exf4 23. e5 g4 24. exf6 gxf3 25. Bd5 Qxf6 26. Bxf3 Bf5 27. Qd2 Qg5 28. Kh2 Kh8 29. Ra4 Rg8 30. Qxf4 Bxd3 31. Qxd6 Bb5 32. Rh4 Qg6 33. Rxh5+ Kg7 34. Qe5+ f6 35. Qe7+ Qf7 36. Rh7+ 1-0

[Event "Klatovy op-A 29th"]
[Site "Klatovy"]
[Date "2023.07.01"]
[Round "1"]
[White "Hlavacek, Ondrej1111"]
[Black "Pirklova, Hana"]
[Result "1/2-1/2"]
[WhiteElo "1780"]
[BlackElo "2085"]
[PlyCount "59"]
[EventDate "2023.07.01"]
[EventType "swiss"]
[EventRounds "9"]
[EventCountry "CZE"]
[SourceTitle "CBM 215 Extra"]
[Source "ChessBase"]
[SourceDate "2023.09.30"]
[SourceVersion "1"]
[SourceVersionDate "2023.09.30"]
[SourceQuality "1"]

1. Nf3 Nf6 2. g3 g6 3. Bg2 Bg7 4. 0-0 0-0 5. d4 d6 6. c4 c6 7. Nc3 Qa5 8. d5 cxd5 9. Nxd5 Nc6 10. Bg5 Ne4 11. Bc1 Be6 12. Ng5 Nxg5 13. Bxg5 f6 14. Bd2 Qd8 15. Bc3 Rc8 16. b3 Qd7 17. Nf4 Bf7 18. Nd5 e5 19. Qd2 Rfd8 20. Rad1 Be6 21. Qb2 Qf7 22. Nb4 Nxb4 23. Bxb4 d5 24. cxd5 Bxd5 25. Bxd5 Rxd5 26. Rxd5 Qxd5 27. Rc1 Rd8 28. Qa3 a6 29. Qa5 Qxa5 30. Bxa5 1/2-1/2

[Event "CZE-ch Betsys Online Blitz"]
[Site "Chess.com INT"]
[Date "2021.04.17"]
[Round "1"]
[White "Nikolinko, Alexandr"]
[Black "Pirklova, Hana"]
[Result "0-1"]
[WhiteElo "1138"]
[BlackElo "2108"]
[PlyCount "68"]
[EventDate "2021.04.17"]
[EventType "swiss (blitz)"]
[EventRounds "13"]
[EventCountry "CZE"]
[SourceTitle "CBM 201 Extra"]
[Source "ChessBase"]
[SourceDate "2021.05.31"]
[SourceVersion "1"]
[SourceVersionDate "2021.05.31"]
[SourceQuality "1"]

1. e4 e5 2. Nf3 Nc6 3. d4 exd4 4. Nxd4 Qf6 5. c3 Bc5 6. Be3 Nge7 7. Be2 0-0 8. 0-0 Bb6 9. Nd2 Nxd4 10. cxd4 Nc6 11. Nf3 d6 12. Qd3 Bg4 13. h3 Bxf3 14. Bxf3 Nxd4 15. Rad1 Nxf3+ 16. gxf3 Qxf3 17. Bxb6 Qxd3 18. Rxd3 axb6 19. Rfd1 Rxa2 20. Rb3 Re8 21. f3 g6 22. Kf2 Re5 23. Rdd3 Rc5 24. Rd2 Kg7 25. Ke3 f5 26. f4 fxe4 27. Kxe4 Ra4+ 28. Rd4 Rxd4+ 29. Kxd4 Kf6 30. Rc3 Rxc3 31. bxc3 Kf5 32. Kd5 Kxf4 33. Ke6 Ke4 34. c4 Kd4 0-1

[Event "CZE-chT2C 1920"]
[Site "Czech Republic"]
[Date "2019.11.17"]
[Round "3.5"]
[White "Pirklova, Hana"]
[Black "Cerny, Martin"]
[Result "0-1"]
[WhiteElo "2134"]
[BlackElo "2103"]
[PlyCount "140"]
[EventDate "2019.10.13"]
[EventType "team-tourn"]
[EventRounds "11"]
[EventCountry "CZE"]
[SourceTitle "EXT 2024"]
[Source "ChessBase"]
[SourceDate "2023.10.10"]
[SourceVersion "1"]
[SourceVersionDate "2023.10.10"]
[SourceQuality "1"]
[WhiteTeam "Praha Oaza II"]
[BlackTeam "Turnov Zikuda III"]
[WhiteTeamCountry "CZE"]
[BlackTeamCountry "CZE"]

1. e4 c5 2. Nf3 e6 3. d4 cxd4 4. Nxd4 Nc6 5. Nc3 Qc7 6. Be2 a6 7. 0-0 b5 8. Be3 Bb7 9. f4 Rc8 10. Nb3 Na5 11. Nxa5 Qxa5 12. Bf3 b4 13. Ne2 Nf6 14. Qd3 Qb5 15. Rac1 Be7 16. c4 bxc3 17. Qxb5 axb5 18. Nxc3 b4 19. Nb5 0-0 20. e5 Nd5 21. Bd4 Ba6 22. Na7 Rb8 23. Rfd1 Nxf4 24. Be3 Bg5 25. Rc7 Nh3+ 26. gxh3 Bxe3+ 27. Kg2 Bxa7 28. Rxa7 Bb5 29. Rd4 Bc6 30. Bxc6 dxc6 31. Rdd7 Rb5 32. a4 bxa3 33. bxa3 Rxe5 34. Rdc7 h5 35. Rxc6 Rd8 36. Rcc7 Rf5 37. h4 Rd4 38. h3 Rxh4 39. a4 Rhf4 40. a5 Rf2+ 41. Kg1 h4 42. Rc8+ Kh7 43. Rc1 Ra2 44. a6 Kg6 45. Rc4 Rg5+ 46. Kf1 Rb5 47. Rg4+ Kf6 48. Rf4+ Ke5 49. Rf2 Rb1+ 50. Kg2 Rxf2+ 51. Kxf2 Kf6 52. Rb7 Ra1 53. a7 Ra3 54. Ke2 g5 55. Kf2 Kg6 56. Re7 f6 57. Kg2 Kf5 58. Kf2 Ke5 59. Rb7 f5 60. Rb5+ Kf6 61. Rb7 g4 62. hxg4 fxg4 63. Rh7 h3 64. Kf1 Ra2 65. Kg1 e5 66. Kf1 Kg5 67. Rg7+ Kf4 68. Rh7 Kg3 69. Re7 h2 70. Rh7 Rxa7 0-1

[Event "CZE-chT1W 1819"]
[Site "Czech Republic"]
[Date "2018.11.11"]
[Round "2.8"]
[White "Pirklova, Hana"]
[Black "Postupa, Pavel1111"]
[Result "0-1"]
[WhiteElo "2091"]
[BlackElo "2226"]
[PlyCount "74"]
[EventDate "2018.10.21"]
[EventType "team-tourn"]
[EventRounds "11"]
[EventCountry "CZE"]
[SourceTitle "CBM 187 Extra"]
[Source "ChessBase"]
[SourceDate "2018.11.04"]
[SourceVersion "1"]
[SourceVersionDate "2018.11.04"]
[SourceQuality "1"]
[WhiteTeam "Praha Oaza"]
[BlackTeam "Pankrac"]
[WhiteTeamCountry "CZE"]
[BlackTeamCountry "CZE"]

1. e4 c5 2. Nf3 d6 3. d4 cxd4 4. Nxd4 Nf6 5. Nc3 a6 6. Be2 e5 7. Nf3 h6 8. 0-0 Be6 9. Re1 Nbd7 10. h3 Rc8 11. Bf1 Be7 12. Nh4 Nxe4 13. Nxe4 d5 14. Nf5 Bxf5 15. Qxd5 Qc7 16. Bd2 0-0 17. Ng3 Be6 18. Qf3 f5 19. Bc3 Bd6 20. Rad1 e4 21. Nxe4 fxe4 22. Qxe4 Nc5 23. Qg6 Bh2+ 24. Kh1 Rce8 25. b4 Bf5 26. Qxe8 Rxe8 27. Rxe8+ Kf7 28. Rdd8 Ne4 29. Bd4 Bd6 30. c4 Be7 31. Rb8 Qd7 32. Be5 Qd1 33. Kg1 Nd2 34. Rg8 Qxf1+ 35. Kh2 Nf3+ 36. gxf3 Qxf2+ 37. Kh1 Qe1+ 0-1

[Event "CZE-chT1W 1617"]
[Site "Czech Republic"]
[Date "2017.04.09"]
[Round "11.3"]
[White "Pirklova, Hana"]
[Black "Kovar, Josef"]
[Result "1-0"]
[WhiteElo "2119"]
[BlackElo "2112"]
[PlyCount "115"]
[EventDate "2016.10.16"]
[EventType "team-tourn"]
[EventRounds "11"]
[EventCountry "CZE"]
[SourceTitle "CBM 177 Extra"]
[Source "ChessBase"]
[SourceDate "2017.04.27"]
[SourceVersion "1"]
[SourceVersionDate "2017.04.27"]
[SourceQuality "1"]
[WhiteTeam "Praha Oaza"]
[BlackTeam "Praha Smichov"]
[WhiteTeamCountry "CZE"]
[BlackTeamCountry "CZE"]

1. e4 b6 2. d4 Bb7 3. Nc3 e6 4. Nf3 Bb4 5. Bd3 Nf6 6. Qe2 d5 7. exd5 Qxd5 8. 0-0 Bxc3 9. bxc3 Qh5 10. Ba3 Nd5 11. Qd2 Nd7 12. c4 N5f6 13. Be2 0-0-0 14. Ne5 Qf5 15. Bd3 Ne4 16. Qe3 Nxe5 17. dxe5 Qxe5 18. Rfe1 f5 19. f3 Qc3 20. fxe4 Qxa3 21. exf5 Rhe8 22. fxe6 Re7 23. Bxh7 Qd6 24. c5 Qd5 25. Be4 Qxc5 26. Bxb7+ Kxb7 27. Qxc5 bxc5 28. Re2 Kc6 29. Rae1 Rd4 30. Re3 Ra4 31. a3 Rc4 32. R1e2 Rf4 33. g3 Rd4 34. h4 a5 35. Kg2 Kb5 36. Kh3 Ka4 37. g4 Rd1 38. h5 Ra1 39. Rb3 Rd1 40. g5 Rd4 41. Kg3 c4 42. Rc3 Kb5 43. h6 gxh6 44. gxh6 Rd8 45. Kg4 Rh8 46. Kg5 Kc5 47. Kf6 Reh7 48. Rh3 Re8 49. Kg6 Ree7 50. Rf3 Rh8 51. Rf7 Ree8 52. Rxc7+ Kd4 53. h7 Kc3 54. Kg7 Kb2 55. a4 c3 56. e7 Ka3 57. Rxc3+ Kxa4 58. Rf3 1-0

[Event "CZE-chT2A 1516"]
[Site "Czech Republic"]
[Date "2016.04.17"]
[Round "11.8"]
[White "Hlavacek, Tomas"]
[Black "Pirklova, Hana"]
[Result "0-1"]
[WhiteElo "2017"]
[BlackElo "2123"]
[PlyCount "60"]
[EventDate "2015.10.18"]
[EventType "team-tourn"]
[EventRounds "11"]
[EventCountry "CZE"]
[SourceTitle "EXT 2022"]
[Source "ChessBase"]
[SourceDate "2021.10.06"]
[SourceVersion "1"]
[SourceVersionDate "2021.10.06"]
[SourceQuality "1"]
[WhiteTeam "Karlovy Vary Tietz"]
[BlackTeam "Praha Oaza"]
[WhiteTeamCountry "CZE"]
[BlackTeamCountry "CZE"]

1. e4 e5 2. Nf3 Nc6 3. Bc4 Bc5 4. c3 d6 5. d4 exd4 6. cxd4 Bb4+ 7. Bd2 Bxd2+ 8. Nbxd2 Nf6 9. 0-0 0-0 10. d5 Ne7 11. Qb3 Ng6 12. Rfe1 Re8 13. Rac1 a6 14. h3 b5 15. Bf1 Nf4 16. Nd4 N6h5 17. Qf3 Qg5 18. Kh2 Nxh3 19. Rxc7 Nf6 20. gxh3 Qxd2 21. Rd1 Qxb2 22. Nc6 Bd7 23. Bg2 Rac8 24. Rxc8 Bxc8 25. Qf4 Qe2 26. Rd2 Qe1 27. Rc2 h6 28. Qxd6 Nxe4 29. Ne7+ Kh7 30. Rxc8 Nxd6 0-1

[Event "CZE-chT2D 1112"]
[Site "Czech Republic"]
[Date "2012.04.22"]
[Round "11"]
[White "Pirklova, Hana"]
[Black "Houska, Bronislav"]
[Result "0-1"]
[WhiteElo "2107"]
[BlackElo "2026"]
[PlyCount "38"]
[EventDate "2011.10.09"]
[EventType "team-tourn"]
[EventRounds "11"]
[EventCountry "CZE"]
[SourceTitle "EXT 2013"]
[Source "ChessBase"]
[SourceDate "2012.11.22"]
[SourceVersion "1"]
[SourceVersionDate "2012.11.22"]
[SourceQuality "1"]
[WhiteTeam "Rychnov nad Kneznou"]
[BlackTeam "Chrudim"]
[WhiteTeamCountry "CZE"]
[BlackTeamCountry "CZE"]

1. e4 d6 2. d4 Nf6 3. Nc3 g6 4. f3 Bg7 5. Be3 c6 6. a4 h6 7. Nge2 e5 8. Qd2 Qe7 9. 0-0-0 Nbd7 10. dxe5 Nxe5 11. Nd4 Be6 12. Nxe6 Qxe6 13. Be2 Rd8 14. Bxa7 0-0 15. Be3 d5 16. f4 Neg4 17. Bxg4 Nxg4 18. Bb6 d4 19. f5 dxc3 0-1

[Event "CZE-chT1W 1112"]
[Site "Czech Republic"]
[Date "2012.02.12"]
[Round "8.8"]
[White "Fajman, Petr"]
[Black "Pirklova, Hana"]
[Result "1-0"]
[WhiteElo "2269"]
[BlackElo "2107"]
[PlyCount "63"]
[EventDate "2011.10.02"]
[EventType "team-tourn"]
[EventRounds "11"]
[EventCountry "CZE"]
[SourceTitle "EXT 2013"]
[Source "ChessBase"]
[SourceDate "2012.11.22"]
[SourceVersion "1"]
[SourceVersionDate "2012.11.22"]
[SourceQuality "1"]
[WhiteTeam "Praha Mahrla"]
[BlackTeam "Praha Oaza"]
[WhiteTeamCountry "CZE"]
[BlackTeamCountry "CZE"]

1. d4 Nf6 2. c4 g6 3. Nc3 Bg7 4. e4 d6 5. f3 0-0 6. Bg5 h6 7. Be3 e5 8. d5 Nbd7 9. Nge2 Ne8 10. g4 c6 11. Ng3 Qa5 12. Be2 cxd5 13. cxd5 a6 14. h4 b5 15. Qd2 Kh7 16. Kf2 Bb7 17. h5 g5 18. a4 bxa4 19. Rxa4 Qd8 20. Rha1 Nc7 21. Nf5 Nf6 22. Bb6 Qd7 23. Kg2 Nfe8 24. Rb4 Bc8 25. Bf2 Qd8 26. Ne3 Bd7 27. Nc4 Rb8 28. Rxb8 Qxb8 29. Nb6 Bb5 30. Nxb5 Nxb5 31. Bxb5 axb5 32. Nd7 1-0

[Event "CZE-chT2D 1112"]
[Site "Czech Republic"]
[Date "2012.01.08"]
[Round "5"]
[White "Macharacek, Simon"]
[Black "Pirklova, Hana"]
[Result "1-0"]
[WhiteElo "2186"]
[BlackElo "2107"]
[PlyCount "83"]
[EventDate "2011.10.09"]
[EventType "team-tourn"]
[EventRounds "11"]
[EventCountry "CZE"]
[SourceTitle "EXT 2013"]
[Source "ChessBase"]
[SourceDate "2012.11.22"]
[SourceVersion "1"]
[SourceVersionDate "2012.11.22"]
[SourceQuality "1"]
[WhiteTeam "Brno Duras II"]
[BlackTeam "Rychnov nad Kneznou"]
[WhiteTeamCountry "CZE"]
[BlackTeamCountry "CZE"]

1. e4 e5 2. Nf3 Nc6 3. Bc4 Bc5 4. c3 Nf6 5. d3 0-0 6. b4 Bb6 7. a4 a6 8. Qb3 d6 9. Nbd2 Qe7 10. 0-0 Nd8 11. Re1 Ne6 12. Nf1 Ng4 13. Ra2 Qf6 14. Ng3 Nf4 15. Bxf4 Qxf4 16. d4 Bd7 17. a5 Ba7 18. b5 axb5 19. Bxb5 Bxb5 20. Qxb5 exd4 21. cxd4 Rab8 22. Qc4 c5 23. h3 Nf6 24. d5 b5 25. axb6 Bxb6 26. Ra6 Bd8 27. Qc1 Qxc1 28. Rxc1 Rb6 29. Rxb6 Bxb6 30. Nd2 Re8 31. Rb1 Bd8 32. Nc4 Be7 33. Nf5 g6 34. Nfxd6 Ra8 35. Rb7 Kf8 36. f3 Ra1+ 37. Kh2 Nh5 38. Rb8+ Kg7 39. Ne8+ Kh6 40. g3 Ra2+ 41. Rb2 Ra4 42. Ne5 1-0

[Event "CZE-chT2D 1112"]
[Site "Czech Republic"]
[Date "2011.11.06"]
[Round "2"]
[White "Kosek, Jiri"]
[Black "Pirklova, Hana"]
[Result "1/2-1/2"]
[WhiteElo "2130"]
[BlackElo "2107"]
[PlyCount "50"]
[EventDate "2011.10.09"]
[EventType "team-tourn"]
[EventRounds "11"]
[EventCountry "CZE"]
[SourceTitle "EXT 2013"]
[Source "ChessBase"]
[SourceDate "2012.11.22"]
[SourceVersion "1"]
[SourceVersionDate "2012.11.22"]
[SourceQuality "1"]
[WhiteTeam "Vysoke Myto"]
[BlackTeam "Rychnov nad Kneznou"]
[WhiteTeamCountry "CZE"]
[BlackTeamCountry "CZE"]

1. c4 Nf6 2. Nc3 d6 3. g3 g6 4. Bg2 Bg7 5. d4 0-0 6. e4 e5 7. Nge2 Nc6 8. d5 Ne7 9. 0-0 Nh5 10. f4 exf4 11. Nxf4 Nxf4 12. Bxf4 f5 13. Qd2 fxe4 14. Bg5 Bf5 15. Rae1 Qd7 16. Nxe4 Rae8 17. Nf2 Nc8 18. b3 b5 19. cxb5 Qxb5 20. h3 Nb6 21. g4 Bc8 22. Ne4 Nd7 23. Be3 a5 24. Rxf8+ Rxf8 25. Rf1 Ne5 1/2-1/2

[Event "CZE-chT2D 1112"]
[Site "Czech Republic"]
[Date "2011.10.09"]
[Round "1"]
[White "Jezbera, Jiri"]
[Black "Pirklova, Hana"]
[Result "1-0"]
[WhiteElo "2188"]
[BlackElo "2107"]
[PlyCount "35"]
[EventDate "2011.10.09"]
[EventType "team-tourn"]
[EventRounds "11"]
[EventCountry "CZE"]
[SourceTitle "EXT 2013"]
[Source "ChessBase"]
[SourceDate "2012.11.22"]
[SourceVersion "1"]
[SourceVersionDate "2012.11.22"]
[SourceQuality "1"]
[WhiteTeam "Hradec Kralove II"]
[BlackTeam "Rychnov nad Kneznou"]
[WhiteTeamCountry "CZE"]
[BlackTeamCountry "CZE"]

1. e4 e5 2. Nf3 Nc6 3. d4 exd4 4. Nxd4 Bc5 5. Be3 Qf6 6. c3 Nge7 7. Bc4 Ne5 8. Be2 d5 9. 0-0 0-0 10. Nd2 Bb6 11. f4 Qh6 12. Qe1 dxe4 13. Nxe4 Nd5 14. Bd2 Ng4 15. Bxg4 Bxg4 16. f5 Qh5 17. h3 Bxf5 18. Ng3 1-0